| 000 | 01056cam a22003135a 4500 | ||
|---|---|---|---|
| 001 | 11653081 | ||
| 005 | 20161031120046.0 | ||
| 008 | 150129t2016 enka ufrb 001 0 eng dng|d | ||
| 020 | _a9780124051966 | ||
| 040 |
_aBIP US _dWaSeSS _dEG-ScBUE _beng |
||
| 043 | _an-us--- | ||
| 082 | 0 | 4 |
_a332.10973 _222 _bGRE |
| 100 | 1 | _aGreenbaum, Stuart I. | |
| 245 | 1 | 0 |
_aContemporary financial intermediation / _bStuart I. Greenbaum, Anjan V. Thakor, Arnoud W. A. Boot. |
| 250 | _a3rd ed. | ||
| 260 |
_aLondon : _bAcademic Press / Elsevier, _cc.2016. |
||
| 300 |
_axxiii, 466 p. : _bill. ; _c28 cm. |
||
| 500 | _aIncludes index. | ||
| 504 | _aIncludes bibliographical references. | ||
| 650 | 7 |
_2BUEsh _913156 _aBanks and banking _zUnited States. |
|
| 650 | 7 |
_2BUEsh _920012 _aFinancial services industry _zUnited States. |
|
| 650 | 7 |
_2BUEsh _aIntermediation (Finance) _zUnited States. |
|
| 651 | _2BUEsh | ||
| 653 |
_bBUSADM _cOctober2016 |
||
| 700 | 1 | _aThakor, Anjan V. | |
| 700 | 1 | _aBoot, Arnoud. | |
| 773 | 0 | _teBook - Finance 2015 [EBCF15] | |
| 942 | _2ddc | ||
| 999 |
_c22939 _d22911 |
||